00205nam a2200085Ia 4500008004100000100002300041245002500064260002100089260000900110170620s9999 xx 000 0 und d aKumar- C. Rajendra 0aResearch Methodology bNew Delhi- A.P.H c2011